| 000 | 00531nam a2200205Ia 4500 | ||
|---|---|---|---|
| 003 | 0100 | ||
| 008 | 130307s9999 xx 000 0 und d | ||
| 020 | _a9966080376 | ||
| 040 | _cARRUPELIB | ||
| 050 | _aRA644.A25A312 | ||
| 245 | _aAIDS and the church in Africa | ||
| 245 | _bto Shepherd the Church, Family of God in Africa, in the Age of AIDS | ||
| 260 | _aNairobi | ||
| 260 | _bPaulines Publications Africa | ||
| 260 | _c2005 | ||
| 300 | _a88p. | ||
| 300 | _b21cm. | ||
| 700 | _aCzerny, Michael F. (ed) | ||
| 942 | 0 | 0 | _05 |
| 999 |
_c100150 _d100150 |
||